Countries with the most cases at the ECHR - Statistics

General Stats
  • This quiz has been taken 23 times
  • The average score is 14 of 15
Answer Stats
Cases Country % Correct
509 France
100%
8.130 Russia
100%
2.613 Greece
94%
2.141 Italy
94%
2.050 Poland
94%
3.847 Romania
94%
681 Serbia
94%
521 Slovakia
94%
21.613 Türkiye
94%
7.703 Ukraine
94%
1.144 Moldova
88%
982 Slovenia
88%
610 Portugal
82%
949 Armenia
71%
1.968 Azerbaijan
71%
No matching quizzes found
Score Distribution
Percent of People with Each Score
Percentile by Number Answered
Your Score History
You have not taken this quiz